Imaging - dôležitý zdroj informácií pri diagnostike rakoviny
Salvato in:
| Autore principale: | |
|---|---|
| Altri autori: | |
| Natura: | Manoscritto Libro |
| Lingua: | slovacco |
| Pubblicazione: |
2024
|
| Soggetti: | |
| Accesso online: | http://is.stuba.sk/zp/portal_zp.pl?podrobnosti=178357 |
| Tags: |
Nessun Tag, puoi essere il primo ad aggiungerne!!
|
MARC
| LEADER | 00000ntm a22000003a 4500 | ||
|---|---|---|---|
| 001 | stuzp98042 | ||
| 003 | SK-STU | ||
| 005 | 20240601210317.2 | ||
| 007 | ta | ||
| 008 | 150427s2015----xo-----f-mn---000-0-slo-d | ||
| 040 | |a STU |b slo | ||
| 041 | 0 | |a slo | |
| 100 | 1 | |a Szebellaiová, Viktória |u 042120 |4 aut |U FCHPT Ústav anorganickej chémie, technológie a materiálov |T FCHPT Oddelenie anorganickej technológie |X 105452 |U C2120 |Y 111 |7 105452 | |
| 242 | 0 | 1 | |a Imaging – an important source of information in cancer diagnosis |y eng |
| 245 | 1 | 0 | |a Imaging - dôležitý zdroj informácií pri diagnostike rakoviny |
| 260 | |c 2024 | ||
| 650 | 4 | |a konfokálna mikroskopia |2 slo | |
| 650 | 4 | |a aptamér |2 slo | |
| 650 | 4 | |a Hep G2 |2 slo | |
| 650 | 4 | |a HCC |2 slo | |
| 650 | 4 | |a aptamer |2 eng | |
| 650 | 4 | |a confocal microscopy |2 eng | |
| 650 | 4 | |a Hep G2 |2 eng | |
| 650 | 4 | |a HCC |2 eng | |
| 700 | 1 | |a Gál, Miroslav |u 042120 |k Z1 |4 ths |U FCHPT Ústav anorganickej chémie, technológie a materiálov |T FCHPT Oddelenie anorganickej technológie |X 70968 |U C2120 |Y 111 |7 A0000070968 | |
| 856 | 4 | |u http://is.stuba.sk/zp/portal_zp.pl?podrobnosti=178357 | |